|
|
|
|
| LEADER |
00000nam a22000004a 4500 |
| 001 |
AR-BbUGT3997 |
| 003 |
AR-BbUGT |
| 005 |
20181220001827.0 |
| 007 |
ta |
| 008 |
061101t2001 ||| |0|||0| d |
| 020 |
|
|
|a 950-605-256-5
|
| 040 |
|
|
|a AR-BbUGT
|b spa
|c AR-BbUGT
|
| 082 |
0 |
4 |
|a 982.05
|
| 100 |
1 |
|
|a Brizuela, Gabriel E.
|
| 245 |
1 |
0 |
|a Viajes por Europa, Africa y América; su significado en la evolución del pensamiento político de Domingo Faustino Sarmiento /
|c Gabriel E. Brizuela.
|
| 250 |
|
|
|a 2a ed.
|
| 260 |
|
|
|a San Juan :
|b Facultad de Filosofía, Humanidades y Artes,
|c 2001.
|
| 300 |
|
|
|a 270 p.
|
| 653 |
|
|
|a Historia Argentina
|
| 653 |
|
|
|a Argentina
|
| 653 |
|
|
|a Historia
|
| 653 |
|
|
|a Sarmiento
|
| 942 |
|
|
|c BK
|h 982.05
|i B779-1
|2 ddc
|6 982_050000000000000_B7791
|
| 999 |
|
|
|c 11310
|d 11310
|